[Event "Weekend Accademia A Autunno"]
[Site "Roma ITA"]
[Date "2006.10.20"]
[Round "1"]
[White "Gargiulo, Mariano"]
[Black "Wollenweber, Carsten"]
[Result "1/2-1/2"]
[WhiteElo "1887"]
[BlackElo "2156"]
[PlyCount "122"]
[EventDate "2006.10.20"]

1.e4 d5 2.exd5 Nf6 3.Nf3 Nxd5 4.d4 g6 5.c4 Nb6 6.Nc3 Bg7 7.Bf4 O-O 8.Be2 
Bg4 9.O-O c6 10.c5 Nd5 11.Nxd5 Qxd5 12.Be3 Nd7 13.h3 Bf5 14.Qd2 Rad8 15.
Qb4 b5 16.Nd2 e5 17.Bf3 Qe6 18.Rfe1 Rfe8 19.Nb3 Qf6 20.Be2 Qh4 21.Qd2 h6 
22.Bf1 Kh7 23.g3 Qf6 24.Bg2 e4 25.a4 a6 26.axb5 axb5 27.Kh2 Qe6 28.Na5 g5 
29.Nb7 Rb8 30.Nd6 Red8 31.Nxf5 Qxf5 32.Bf4 Nf6 33.Bxb8 Rxb8 34.Qc2 Re8 35.
Ra6 Qc8 36.Rb6 Kg8 37.Bxe4 Kf8 38.f3 Nd5 39.Bf5 Qa8 40.Rxe8+ Qxe8 41.Be4 
Nxb6 42.cxb6 Bxd4 43.Bxc6 Qe3 44.Qg2 Bxb6 45.Bxb5 Bc5 46.Bc4 h5 47.b3 Bd6 
48.Kh1 Qe1+ 49.Qg1 Bxg3 50.Qxe1 Bxe1 51.Kg2 Ke7 52.Kf1 Bb4 53.Ke2 f5 54.
Kd3 Kd6 55.Bf7 h4 56.Kc4 Be1 57.b4 Ke5 58.b5 Bf2 59.Kb4 Kf4 60.Bd5 Bb6 61.
Kc4 Ke5 1/2-1/2

[Event "Weekend Accademia A Autunno"]
[Site "Roma ITA"]
[Date "2006.10.20"]
[Round "1"]
[White "Maddaloni, Giovanni"]
[Black "Castelfranchi, Carlo"]
[Result "0-1"]
[WhiteElo "1843"]
[BlackElo "2061"]
[PlyCount "74"]
[EventDate "2006.10.20"]

1.e4 Nf6 2.Nc3 d5 3.exd5 Nxd5 4.d4 Nxc3 5.bxc3 c5 6.Nf3 g6 7.Be2 Bg7 8.O-O
O-O 9.Be3 Qa5 10.Qd2 Nc6 11.Bh6 cxd4 12.Bxg7 Kxg7 13.Nxd4 Rd8 14.Qe3 Qe5 
15.Rad1 Qxe3 16.fxe3 Bd7 17.Rd2 e5 18.Nb3 Be6 19.Rfd1 Rxd2 20.Rxd2 Rd8 21.
c4 Rxd2 22.Nxd2 Nb4 23.Bf3 b6 24.a4 Nxc2 25.Kf2 Nb4 26.Be2 Bd7 27.c5 bxc5 
28.Ne4 Bxa4 29.Nxc5 Bc6 30.Na6 Nxa6 31.Bxa6 Kf6 32.g3 Ke7 33.Ke2 Kd6 34.
Kd2 Kc5 35.Kc3 Bb5 36.Bb7 a5 37.Be4 a4 0-1

[Event "Weekend Accademia A Autunno"]
[Site "Roma ITA"]
[Date "2006.10.20"]
[Round "1"]
[White "Maggi, Fabrizio"]
[Black "Vignato, Giovanni"]
[Result "1/2-1/2"]
[WhiteElo "1843"]
[BlackElo "2071"]
[PlyCount "22"]
[EventDate "2006.10.20"]

1.c4 e6 2.Nc3 d5 3.d4 c6 4.e4 dxe4 5.Nxe4 Nd7 6.Nf3 Ngf6 7.Bg5 Be7 8.Nc3 
O-O 9.Be2 b6 10.O-O Bb7 11.Re1 c5 1/2-1/2

[Event "Weekend Accademia A Autunno"]
[Site "Roma ITA"]
[Date "2006.10.20"]
[Round "1"]
[White "Marzio, Mario"]
[Black "Vannelli, Vittorio"]
[Result "0-1"]
[WhiteElo "1445"]
[BlackElo "1927"]
[PlyCount "84"]
[EventDate "2006.10.20"]

1.e4 c5 2.Nf3 Nc6 3.d4 cxd4 4.Nxd4 e5 5.Nf3 Nf6 6.Bd3 d5 7.exd5 Qxd5 8.Nc3
Bb4 9.Bd2 Bxc3 10.Bxc3 O-O 11.Qe2 e4 12.Bxf6 exd3 13.O-O-O dxe2 14.Rxd5 
gxf6 15.h3 Be6 16.Rd2 Bc4 17.b3 Ba6 18.c4 b5 19.Rxe2 bxc4 20.bxc4 Bxc4 21.
Rc2 Bd5 22.Nh4 Nb4 23.Rd2 Nxa2+ 24.Kd1 Rfe8 25.Rd3 Rad8 26.Kd2 Bc4 27.Rxd8
Rxd8+ 28.Ke3 Nc3 29.Kf4 Rd4+ 30.Kg3 Ne2+ 31.Kf3 Rxh4 32.Re1 Nd4+ 33.Kg3 
Nf5+ 34.Kf3 Kg7 35.Rc1 Bd5+ 36.Ke2 Bxg2 37.Rc5 Re4+ 38.Kd3 Nd6 39.Rh5 Bf1+
40.Kc3 Kg6 41.Rd5 Nb5+ 42.Kb3 Bc4+ 0-1

[Event "Weekend Accademia A Autunno"]
[Site "Roma ITA"]
[Date "2006.10.20"]
[Round "1"]
[White "Nicolai, Antonio"]
[Black "Verrascina, Nicola"]
[Result "0-1"]
[WhiteElo "1748"]
[BlackElo "1993"]
[PlyCount "52"]
[EventDate "2006.10.20"]

1.d4 Nc6 2.e3 e5 3.c3 d5 4.Bb5 e4 5.f4 Nf6 6.a4 Be7 7.Ne2 O-O 8.O-O Bd6 9.
Ng3 Ng4 10.Qe1 Ne7 11.Be2 Nh6 12.Nd2 Kh8 13.c4 c6 14.c5 Bc7 15.b4 Rg8 16.
Nb3 g5 17.fxg5 Rxg5 18.Qf2 Nef5 19.Bd2 Rxg3 20.hxg3 Bxg3 21.Qf4 Bxf4 22.
Rxf4 Qg5 23.Raf1 Ng3 24.R1f2 Nhf5 25.Na1 Qh6 26.Nc2 Qh1# 0-1

[Event "Weekend Accademia A Autunno"]
[Site "Roma ITA"]
[Date "2006.10.20"]
[Round "1"]
[White "Quimi, Marco"]
[Black "Raccah, Ascer"]
[Result "1-0"]
[WhiteElo "2270"]
[BlackElo "1899"]
[PlyCount "63"]
[EventDate "2006.10.20"]

1.e4 e5 2.Nf3 Nf6 3.d4 Nxe4 4.Bd3 d5 5.Nxe5 f6 6.Qh5+ Ke7 7.Bxe4 dxe4 8.
Nc3 Be6 9.Ng6+ hxg6 10.Qxh8 Qxd4 11.Be3 Qb4 12.O-O-O Nc6 13.Rhe1 Kf7 14.
Qh4 Qa5 15.Qxe4 Bb4 16.Bb6 axb6 17.Qxe6+ Kf8 18.Rd7 Be7 19.Rxe7 Nxe7 20.
Qxe7+ Kg8 21.Qe6+ Kh7 22.Re3 Qg5 23.Kb1 Qxg2 24.Rh3+ Qxh3 25.Qxh3+ Kg8 26.
Nd5 Rd8 27.Qe6+ Kh7 28.c4 Rd6 29.Qf7 c6 30.Ne7 Rd1+ 31.Kc2 Rg1 32.h4 1-0

[Event "Weekend Accademia A Autunno"]
[Site "Roma ITA"]
[Date "2006.10.20"]
[Round "1"]
[White "Sautto, Alessandra"]
[Black "Elia, Alessio"]
[Result "0-1"]
[WhiteElo "1942"]
[BlackElo "1671"]
[PlyCount "134"]
[EventDate "2006.10.20"]

1.d4 d6 2.e4 Nf6 3.Nc3 g6 4.f3 Bg7 5.Be3 c6 6.Qd2 Qa5 7.Bh6 Bxh6 8.Qxh6 
Qb4 9.O-O-O Nbd7 10.g4 Nb6 11.Qg5 Na4 12.Nxa4 Qxa4 13.Kb1 Be6 14.b3 Qb4 
15.Qd2 a5 16.Ne2 Qxd2 17.Rxd2 Bxg4 18.fxg4 Nxe4 19.Kc1 Nxd2 20.Kxd2 a4 21.
Bg2 axb3 22.axb3 f5 23.gxf5 gxf5 24.Bh3 Rf8 25.Rf1 e6 26.Nf4 Ke7 27.Re1 
Rf6 28.Bg2 Kd7 29.Bf3 Re8 30.Rg1 e5 31.dxe5 dxe5 32.Rg7+ Re7 33.Rxe7+ Kxe7
34.Nh5 Rg6 35.Ng3 Kf6 36.Ke2 Rh6 37.Nf1 e4 38.Bg2 Ke5 39.Kf2 f4 40.Bh1 Kd4
41.Ke2 Rh3 42.Kd2 e3+ 43.Ke2 Rh6 44.Bf3 Re6 45.Bg4 Rd6 46.Bf5 h6 47.Bd3 
Rf6 48.Kf3 Kc3 49.Be4 Kb2 50.Bd3 Kc1 51.Ke2 c5 52.Be4 b6 53.Bd3 Rd6 54.h3 
Rd8 55.Kf3 Rf8 56.Ke2 Rf6 57.Be4 Rf8 58.Bd3 Rg8 59.Be4 Rg1 60.h4 Rg4 61.h5
Rh4 62.Bg6 Rh1 63.Nxe3 fxe3 64.Kxe3 Rh2 65.Kf4 Rxc2 66.Ke5 Rf2 67.Kd6 Rf6+
0-1

[Event "Weekend Accademia A Autunno"]
[Site "Roma ITA"]
[Date "2006.10.20"]
[Round "1"]
[White "Stirpe, Claudio"]
[Black "De Maria, Isaia"]
[Result "1-0"]
[WhiteElo "1909"]
[BlackElo "1828"]
[PlyCount "111"]
[EventDate "2006.10.20"]

1.d4 d5 2.c4 e6 3.Nc3 Nf6 4.Bg5 Be7 5.e3 O-O 6.Nf3 h6 7.Bh4 Ne4 8.Bxe7 
Qxe7 9.cxd5 Nxc3 10.bxc3 exd5 11.Qb3 Rd8 12.Bd3 Nc6 13.O-O b6 14.Rfe1 Bg4 
15.e4 Bxf3 16.gxf3 Qg5+ 17.Kh1 Na5 18.Qc2 c6 19.Rg1 Qf4 20.Rg3 Nc4 21.Bxc4
dxc4 22.Rag1 g5 23.Qe2 b5 24.Rg4 Qc7 25.h4 f6 26.hxg5 hxg5 27.f4 Rd7 28.
fxg5 Rh7+ 29.Kg2 Qh2+ 30.Kf1 Qh3+ 31.Ke1 Qxc3+ 32.Qd2 Qxd2+ 33.Kxd2 fxg5 
34.Rxg5+ Kf7 35.Rf5+ Ke7 36.Rg6 Rc8 37.Rff6 Kd7 38.Rd6+ Ke7 39.Rge6+ Kf7 
40.Rxc6 Rxc6 41.Rxc6 Rh4 42.Ke3 Rh3+ 43.f3 a5 44.Ra6 a4 45.Rb6 Rh2 46.Rxb5
Rxa2 47.Rb4 Ra3+ 48.Ke2 Ke6 49.Rxc4 Ra2+ 50.Kd3 Ra3+ 51.Rc3 Ra1 52.Kc4 a3 
53.Kb4 a2 54.Ka3 Rd1 55.d5+ Ke5 56.Kxa2 1-0

[Event "Weekend Accademia A Autunno"]
[Site "Roma ITA"]
[Date "2006.10.20"]
[Round "1"]
[White "Tosi, Francesco"]
[Black "Maggi, Luigi"]
[Result "0-1"]
[WhiteElo "2004"]
[BlackElo "1807"]
[PlyCount "124"]
[EventDate "2006.10.20"]

1.Nf3 d5 2.d4 c5 3.e3 Nc6 4.Nbd2 Nf6 5.dxc5 e5 6.Nb3 Bxc5 7.Nxc5 Qa5+ 8.c3
Qxc5 9.Be2 O-O 10.O-O Bg4 11.h3 Bh5 12.Bd2 Rfd8 13.b4 Qe7 14.b5 Na5 15.Qa4
Nc4 16.Bc1 Nd7 17.g4 Ndb6 18.Qb4 Qxb4 19.cxb4 Bg6 20.a4 d4 21.exd4 exd4 
22.Bg5 d3 23.Bd1 f6 24.a5 Nd7 25.Bb3 Bf7 26.Bf4 Nde5 27.Nxe5 Nxe5 28.Bxf7+
Kxf7 29.Bxe5 fxe5 30.f3 Rac8 31.Kg2 Rc4 32.Rab1 Rdd4 33.Rfd1 Ke6 34.b6 
axb6 35.axb6 Kd6 36.Rd2 Rc2 37.Rd1 Kc6 38.Kf2 Kxb6 39.Ke3 Rxd2 40.Rxd2 Kb5
41.f4 Rxf4 42.Rxd3 Rd4 43.Rc3 Kb6 44.Rc5 Rxb4 45.Rxe5 Rb3+ 46.Kf4 Rxh3 47.
Re7 g6 48.g5 Kc6 49.Re6+ Kc5 50.Re7 b5 51.Rb7 b4 52.Ke5 Kc4 53.Kf6 b3 54.
Kg7 Rh4 55.Kf6 Kc3 56.Rc7+ Kd2 57.Rd7+ Kc1 58.Rc7+ Kb1 59.Rb7 b2 60.Rb5 
Rh2 61.Kg7 Rh3 62.Kg8 Kc2 0-1

[Event "Weekend Accademia A Autunno"]
[Site "Roma ITA"]
[Date "2006.10.20"]
[Round "1"]
[White "Vanzan, Alessandro"]
[Black "Sabetta, Alessandro"]
[Result "1/2-1/2"]
[WhiteElo "1816"]
[BlackElo "2019"]
[PlyCount "80"]
[EventDate "2006.10.20"]

1.c4 f5 2.d3 e5 3.e3 Nf6 4.g3 d6 5.Bg2 g6 6.Ne2 Bg7 7.Nbc3 c6 8.Rb1 a5 9.
a3 Be6 10.O-O d5 11.cxd5 cxd5 12.b4 O-O 13.bxa5 Qd7 14.Rb5 Nc6 15.Bd2 Rxa5
16.Rxa5 Nxa5 17.Na4 Nc6 18.Nc5 Qe7 19.Nxe6 Qxe6 20.Qb3 Qf7 21.Rb1 Ra8 22.
Nc3 e4 23.dxe4 Nxe4 24.Nxe4 dxe4 25.Qxf7+ Kxf7 26.Rxb7+ Kf8 27.Rb3 Rd8 28.
Be1 Ne5 29.Bb4+ Kg8 30.Bf1 Bf8 31.Bc3 Nf3+ 32.Kg2 Bg7 33.Bc4+ Kh8 34.Bb4 
Rd1 35.Bf1 h5 36.h4 Ra1 37.Bc3 Bxc3 38.Rxc3 Ne1+ 39.Kh2 Nf3+ 40.Kg2 Ne1+ 
1/2-1/2

[Event "Weekend Accademia A Autunno"]
[Site "Roma ITA"]
[Date "2006.10.21"]
[Round "2"]
[White "Castelfranchi, Carlo"]
[Black "Stirpe, Claudio"]
[Result "1/2-1/2"]
[WhiteElo "2061"]
[BlackElo "1909"]
[PlyCount "31"]
[EventDate "2006.10.20"]

1.e4 e5 2.Nf3 Nc6 3.Bb5 a6 4.Ba4 Nf6 5.d4 exd4 6.O-O Be7 7.Re1 O-O 8.e5 
Nd5 9.Bb3 Nb6 10.Nxd4 Na5 11.Nf5 Nxb3 12.cxb3 Re8 13.Qg4 g6 14.Nh6+ Kg7 
15.Nf5+ Kg8 16.Nh6+ 1/2-1/2

[Event "Weekend Accademia A Autunno"]
[Site "Roma ITA"]
[Date "2006.10.21"]
[Round "2"]
[White "De Maria, Isaia"]
[Black "Tosi, Francesco"]
[Result "1/2-1/2"]
[WhiteElo "1828"]
[BlackElo "2004"]
[PlyCount "151"]
[EventDate "2006.10.20"]

1.e4 c5 2.c3 e6 3.d4 d5 4.exd5 Qxd5 5.Nf3 Nc6 6.Be2 Nf6 7.O-O Be7 8.Be3 
Ng4 9.Bf4 O-O 10.h3 Nf6 11.Na3 cxd4 12.cxd4 Rd8 13.Nb5 Qf5 14.Bg3 a6 15.
Nc3 Bd7 16.Bd3 Qh5 17.Rc1 Be8 18.Re1 Nb4 19.Bb1 Bc6 20.Ne5 Rac8 21.Qd2 Bd5
22.a3 Nc6 23.Nxd5 Rxd5 24.Nxc6 bxc6 25.Ba2 Rd7 26.Re5 Qh6 27.Qxh6 gxh6 28.
Ra5 Rxd4 29.Rxa6 Ne4 30.Be5 Rd2 31.Rcxc6 Rxc6 32.Rxc6 Bf6 33.Bxf6 Nxf6 34.
Rb6 Ne4 35.a4 Rd1+ 36.Kh2 Nxf2 37.Kg3 Ne4+ 38.Kf4 Nc5 39.Bb3 Rd2 40.Rb8+ 
Kg7 41.Bc4 Rd4+ 42.Ke5 Rxc4 43.Ra8 Rb4 44.a5 Nd3+ 45.Kd6 e5 46.a6 Rd4+ 47.
Kc6 Nb4+ 48.Kb7 Nxa6 49.Rxa6 e4 50.Ra7 Rb4+ 51.Kc6 Kg6 52.Kd5 f5 53.g4 
Rb5+ 54.Kd4 Rb4+ 55.Ke3 Rb3+ 56.Kf4 Rf3+ 57.Ke5 e3 58.gxf5+ Rxf5+ 59.Kd4 
e2 60.Re7 Rf4+ 61.Kd3 Rf3+ 62.Kxe2 Rb3 63.Re6+ Kg5 64.Re7 Rxb2+ 65.Kf3 
Rb3+ 66.Kg2 h5 67.Rxh7 Kh4 68.Rh8 Rg3+ 69.Kh2 Rxh3+ 70.Kg2 Rb3 71.Rf8 Rg3+
72.Kh2 Rg4 73.Rf3 Rb4 74.Rh3+ Kg5 75.Rg3+ Kf4 76.Rg8 1/2-1/2

[Event "Weekend Accademia A Autunno"]
[Site "Roma ITA"]
[Date "2006.10.21"]
[Round "2"]
[White "Elia, Alessio"]
[Black "Campomori, Bruno"]
[Result "0-1"]
[WhiteElo "1671"]
[BlackElo "2051"]
[PlyCount "68"]
[EventDate "2006.10.20"]

1.d4 Nf6 2.Nf3 g6 3.Bg5 Bg7 4.Nbd2 d5 5.e3 O-O 6.Bd3 Re8 7.O-O Nbd7 8.h3 
Nh5 9.c3 f5 10.g4 fxg4 11.hxg4 Nhf6 12.Nh4 Nf8 13.f3 Qd7 14.e4 e5 15.exd5 
Nxd5 16.Bc4 Kh8 17.Ne4 exd4 18.Bxd5 Qxd5 19.Bf6 d3 20.Bxg7+ Kxg7 21.Nf2 
Rd8 22.Qd2 c5 23.Rfe1 Be6 24.Re4 Bf7 25.c4 Qd6 26.Kg2 Ne6 27.f4 Qc6 28.f5 
Rd4 29.Qc3 Ng5 30.Rd1 Re8 31.f6+ Kg8 32.Qd2 Nxe4 33.Qh6 Nxf2+ 34.Kxf2 
Qxf6+ 0-1

[Event "Weekend Accademia A Autunno"]
[Site "Roma ITA"]
[Date "2006.10.21"]
[Round "2"]
[White "La Fortezza, Michele"]
[Black "Marzio, Mario"]
[Result "1-0"]
[WhiteElo "1843"]
[BlackElo "1445"]
[PlyCount "113"]
[EventDate "2006.10.20"]

1.d4 d5 2.c4 e6 3.Nc3 Nf6 4.cxd5 Nxd5 5.e4 Nxc3 6.bxc3 c5 7.Nf3 cxd4 8.
cxd4 Bb4+ 9.Bd2 Bxd2+ 10.Qxd2 b6 11.Bb5+ Nd7 12.Ne5 O-O 13.Nc6 Qf6 14.e5 
Qh4 15.O-O Nb8 16.Rac1 Nxc6 17.Bxc6 Rb8 18.Rfd1 Rd8 19.Qb4 Bb7 20.Rc4 Ba6 
21.Bb5 Bxb5 22.Qxb5 Qe7 23.g3 g6 24.a4 Rbc8 25.Rxc8 Rxc8 26.d5 exd5 27.
Qxd5 Rc5 28.Qa8+ Kg7 29.f4 Rc2 30.Rd6 Qc7 31.Qe4 Qc5+ 32.Qd4 Qxd4+ 33.Rxd4
Rb2 34.Rd7 a6 35.e6 Kf8 36.Rxf7+ Kg8 37.Ra7 Re2 38.e7 Kf7 39.Rxa6 Re6 40.
a5 Re1+ 41.Kf2 Ra1 42.e8=Q+ Kxe8 43.Ra8+ Kd7 44.Ra7+ Kc6 45.axb6 Rxa7 46.
bxa7 Kb7 47.Ke3 Kxa7 48.Ke4 Kb7 49.Ke5 Kc7 50.Kf6 Kd6 51.Kg7 Ke6 52.Kxh7 
Kf6 53.Kh6 Kf7 54.g4 Kf6 55.h4 g5 56.hxg5+ Kf7 57.Kh7 1-0

[Event "Weekend Accademia A Autunno"]
[Site "Roma ITA"]
[Date "2006.10.21"]
[Round "2"]
[White "Maggi, Luigi"]
[Black "De Blasio, Alessandro"]
[Result "0-1"]
[WhiteElo "1807"]
[BlackElo "2067"]
[PlyCount "84"]
[EventDate "2006.10.20"]

1.c4 e6 2.Nc3 d5 3.d4 Nf6 4.Bg5 c5 5.e3 cxd4 6.exd4 Be7 7.Nf3 Nc6 8.a3 O-O
9.cxd5 exd5 10.Be2 Bf5 11.O-O Ne4 12.Bxe7 Nxe7 13.Ne5 Nxc3 14.bxc3 Rc8 15.
Qb3 Rc7 16.Rfd1 Qd6 17.c4 b6 18.cxd5 Nxd5 19.Bf3 Be6 20.Bxd5 Bxd5 21.Qb2 
Rfc8 22.Rac1 f6 23.Ng4 Rxc1 24.Rxc1 Rxc1+ 25.Qxc1 Qc6 26.Qxc6 Bxc6 27.f3 
Kf7 28.Ne3 Ke6 29.Kf2 f5 30.g3 b5 31.f4 Be4 32.Ke2 a5 33.Kd2 b4 34.axb4 
axb4 35.h3 g6 36.g4 fxg4 37.hxg4 h5 38.f5+ Kf6 39.d5 h4 40.fxg6 h3 41.d6 
h2 42.d7 Ke7 0-1

[Event "Weekend Accademia A Autunno"]
[Site "Roma ITA"]
[Date "2006.10.21"]
[Round "2"]
[White "Raccah, Ascer"]
[Black "Maddaloni, Giovanni"]
[Result "1-0"]
[WhiteElo "1899"]
[BlackElo "1843"]
[PlyCount "73"]
[EventDate "2006.10.20"]

1.e4 g6 2.d4 Bg7 3.Nf3 d6 4.Bc4 a6 5.O-O e6 6.Bg5 Ne7 7.Nc3 O-O 8.Qd2 b6 
9.Bh6 Bb7 10.Rfe1 Nd7 11.Rad1 b5 12.Bxg7 Kxg7 13.Bb3 Nb6 14.d5 e5 15.Qg5 
Ng8 16.Rd3 h6 17.Qe3 Nf6 18.Nd2 Nh5 19.Ne2 Bc8 20.f4 exf4 21.Nxf4 Nxf4 22.
Qxf4 f5 23.e5 g5 24.Qd4 dxe5 25.Rxe5 Qf6 26.Re7+ Rf7 27.Rxf7+ Kxf7 28.d6+ 
Be6 29.dxc7 Qxd4+ 30.Rxd4 Rc8 31.Rd6 Bxb3 32.Nxb3 Nc4 33.Rxh6 Ke7 34.Nd4 
Ne5 35.Rh7+ Nf7 36.Nxf5+ Ke6 37.Rxf7 1-0

[Event "Weekend Accademia A Autunno"]
[Site "Roma ITA"]
[Date "2006.10.21"]
[Round "2"]
[White "Spano' Cuomo, Gaetano"]
[Black "Sautto, Alessandra"]
[Result "1/2-1/2"]
[WhiteElo "1826"]
[BlackElo "1942"]
[PlyCount "90"]
[EventDate "2006.10.20"]

1.d4 d5 2.c4 e6 3.Nc3 Nf6 4.e3 Be7 5.Nf3 Nbd7 6.Be2 O-O 7.O-O a6 8.a4 c6 
9.a5 Qc7 10.Bd2 Ne4 11.Qc2 Nxd2 12.Nxd2 Nf6 13.f4 dxc4 14.Nxc4 c5 15.Nb6 
Rb8 16.Nca4 Nd5 17.Nxd5 exd5 18.Nxc5 Bd6 19.b4 Qe7 20.Ra3 b6 21.axb6 Rxb6 
22.Bf3 Bb7 23.Qd2 Bc6 24.Rc1 Bb7 25.Ra5 Re8 26.Qc3 h6 27.Kf2 Qh4+ 28.g3 
Qe7 29.Rca1 Kh8 30.b5 axb5 31.Ra7 b4 32.Qc1 Rc8 33.Bxd5 Bxc5 34.Bxb7 Rxb7 
35.Rxb7 Qxb7 36.dxc5 b3 37.Rb1 Qb4 38.Rb2 Rxc5 39.Rxb3 Qxf4+ 40.gxf4 Rxc1 
41.e4 Rc2+ 42.Kg3 Rc7 43.Kg4 Kg8 44.e5 Kf8 45.h4 Ke7 1/2-1/2

[Event "Weekend Accademia A Autunno"]
[Site "Roma ITA"]
[Date "2006.10.21"]
[Round "2"]
[White "Urzi', Silvio"]
[Black "Nicolai, Antonio"]
[Result "1-0"]
[WhiteElo "1876"]
[BlackElo "1748"]
[PlyCount "69"]
[EventDate "2006.10.20"]

1.c4 e6 2.e4 d6 3.d4 c5 4.d5 e5 5.Nc3 a6 6.a4 Nd7 7.Nge2 Ne7 8.Ng3 Nf6 9.
Be2 Ng6 10.Bg5 Be7 11.Nf5 Bxf5 12.exf5 Nf4 13.Bxf4 exf4 14.Qd2 f3 15.Bxf3 
Qd7 16.Qf4 h6 17.O-O O-O 18.Rfe1 Rfe8 19.a5 Bf8 20.g4 Rxe1+ 21.Rxe1 Re8 
22.Re3 Rxe3 23.fxe3 Qe8 24.e4 Nh7 25.Kg2 Be7 26.e5 Bg5 27.Qe4 dxe5 28.d6 
Qd7 29.Qxe5 Bf6 30.Qxc5 Bxc3 31.bxc3 Nf6 32.Qb4 Ne8 33.c5 Qb5 34.Qxb5 axb5
35.d7 1-0

[Event "Weekend Accademia A Autunno"]
[Site "Roma ITA"]
[Date "2006.10.21"]
[Round "2"]
[White "Vanzan, Alessandro"]
[Black "Gargiulo, Mariano"]
[Result "0-1"]
[WhiteElo "1816"]
[BlackElo "1887"]
[PlyCount "44"]
[EventDate "2006.10.20"]

1.c4 g6 2.Nc3 Bg7 3.Nf3 Nf6 4.g3 d6 5.Bg2 Nc6 6.d3 Bd7 7.O-O Qc8 8.Re1 Bh3
9.Bh1 h5 10.Ng5 Bd7 11.Rb1 h4 12.b4 hxg3 13.hxg3 Ng4 14.Nce4 Bf5 15.Rf1 f6
16.Nf3 Nce5 17.c5 d5 18.Nc3 Nxf3+ 19.exf3 Ne5 20.Be3 Bxd3 21.Nxd5 Bxb1 22.
Qxb1 Rxh1+ 0-1

[Event "Weekend Accademia A Autunno"]
[Site "Roma ITA"]
[Date "2006.10.21"]
[Round "2"]
[White "Verrascina, Nicola"]
[Black "Quimi, Marco"]
[Result "0-1"]
[WhiteElo "1993"]
[BlackElo "2270"]
[PlyCount "136"]
[EventDate "2006.10.20"]

1.c4 e5 2.g3 Nf6 3.Bg2 Nc6 4.Nc3 Bc5 5.e3 O-O 6.Nge2 Re8 7.O-O d6 8.d4 Bb6
9.d5 Ne7 10.h3 a5 11.Kh2 c6 12.e4 cxd5 13.cxd5 Bd7 14.f4 Ng6 15.f5 Nf8 16.
g4 h6 17.Ng3 Rc8 18.g5 hxg5 19.Bxg5 N8h7 20.h4 Rc4 21.Nh5 Qc8 22.Bxf6 Nxf6
23.Nxf6+ gxf6 24.Qh5 Kf8 25.Rf3 Ke7 26.Rg3 Rh8 27.Qg4 Bf2 28.Rh3 Qc5 29.h5
Be3 30.Rf1 Bh6 31.Rg3 b5 32.Nd1 Rc2 33.Rc3 Rxc3 34.Nxc3 Qe3 35.Qe2 b4 36.
Qxe3 Bxe3 37.Ne2 Rxh5+ 38.Kg3 Bb5 39.Bf3 Rg5+ 40.Kh3 Rg8 41.Re1 Rc8 42.Ng3
Bd4 43.Be2 Bd7 44.b3 Rc2 45.Bc4 Rxa2 46.Ne2 Bc5 47.Nc1 Rc2 48.Nd3 Bd4 49.
Kg4 Rc3 50.Rc1 a4 51.bxa4 Bxa4 52.Rxc3 Bxc3 53.Nc1 Bd1+ 54.Kg3 Be1+ 55.Kg2
Kd8 56.Kf1 Bd2 57.Nb3 Be3 58.Na5 Kc7 59.Ke1 Bc2 60.Ke2 Bb6 61.Nc6 Bxe4 62.
Nxb4 Bxf5 63.Nc6 Bd7 64.Ne7 f5 65.Kf3 Kd8 66.Ng8 Bd4 67.Bf1 Bb2 68.Nf6 e4+
0-1

[Event "Weekend Accademia A Autunno"]
[Site "Roma ITA"]
[Date "2006.10.21"]
[Round "2"]
[White "Vignato, Giovanni"]
[Black "Sabetta, Alessandro"]
[Result "1/2-1/2"]
[WhiteElo "2071"]
[BlackElo "2019"]
[PlyCount "46"]
[EventDate "2006.10.20"]

1.c4 f5 2.d4 Nf6 3.Nc3 e6 4.Nf3 Bb4 5.Bd2 O-O 6.g3 d6 7.Bg2 Nc6 8.O-O Qe7 
9.a3 Bxc3 10.Bxc3 Ne4 11.Qd3 Nxc3 12.Qxc3 e5 13.dxe5 Nxe5 14.Nxe5 Qxe5 15.
Qxe5 dxe5 16.Rfd1 c6 17.Rd6 Kf7 18.Rad1 Ke7 19.c5 Be6 20.b4 Rad8 21.Rxd8 
Rxd8 22.Rxd8 Kxd8 23.Kf1 e4 1/2-1/2

[Event "Weekend Accademia A Autunno"]
[Site "Roma ITA"]
[Date "2006.10.21"]
[Round "2"]
[White "Wollenweber, Carsten"]
[Black "Maggi, Fabrizio"]
[Result "1-0"]
[WhiteElo "2156"]
[BlackElo "1843"]
[PlyCount "37"]
[EventDate "2006.10.20"]

1.e4 e6 2.d4 d5 3.Nc3 Bb4 4.Ne2 dxe4 5.a3 Be7 6.Nxe4 Nc6 7.Be3 Nf6 8.Nxf6+
Bxf6 9.Qd2 O-O 10.O-O-O b5 11.Ng3 Qd5 12.Kb1 a5 13.Bd3 b4 14.a4 Ba6 15.Be4
Qd7 16.Nh5 Be7 17.Bh6 g6 18.Bxf8 Rxf8 19.Qh6 1-0

[Event "Weekend Accademia A Autunno"]
[Site "Roma ITA"]
[Date "2006.10.21"]
[Round "3"]
[White "Gargiulo, Mariano"]
[Black "Castelfranchi, Carlo"]
[Result "0-1"]
[WhiteElo "1887"]
[BlackElo "2061"]
[PlyCount "41"]
[EventDate "2006.10.20"]

1.e4 Nf6 2.e5 Nd5 3.d4 d6 4.Nf3 Bg4 5.Bc4 e6 6.h3 Bxf3 7.Qxf3 dxe5 8.dxe5 
c6 9.Nc3 Nd7 10.Qg3 Qc7 11.f4 Qb6 12.Bb3 Nxc3 13.Qxc3 Bb4 14.Bd2 Bxc3 15.
bxc3 Nc5 16.O-O-O Nxb3+ 17.cxb3 O-O-O 18.c4 Qd4 19.Kc2 Qe4+ 20.Kb2 Rd3 21.
g4 0-1

[Event "Weekend Accademia A Autunno"]
[Site "Roma ITA"]
[Date "2006.10.21"]
[Round "3"]
[White "La Fortezza, Michele"]
[Black "Verrascina, Nicola"]
[Result "0-1"]
[WhiteElo "1843"]
[BlackElo "1993"]
[PlyCount "72"]
[EventDate "2006.10.20"]

1.d4 Nc6 2.d5 Ne5 3.e4 e6 4.Nf3 Ng6 5.Bc4 Bc5 6.O-O e5 7.d6 Bxd6 8.Bg5 Nf6
9.Nc3 Be7 10.Nh4 Nxh4 11.Bxh4 O-O 12.Bg3 d6 13.Qe2 c6 14.Rad1 b5 15.Bb3 
Qb6 16.Kh1 a5 17.a4 Ba6 18.axb5 cxb5 19.Nd5 Nxd5 20.Bxd5 b4 21.Bc4 Bxc4 
22.Qxc4 Rfc8 23.Qe2 Qc5 24.Rc1 Qc4 25.Qe3 Qc5 26.Qe2 a4 27.f4 Bf6 28.Bf2 
Qc4 29.Qe3 exf4 30.Qxf4 Be5 31.Qf3 Bxb2 32.Rfd1 a3 33.Bb6 a2 34.Rd5 Qf1+ 
35.Qxf1 a1=Q 36.Re1 Qxe1 0-1

[Event "Weekend Accademia A Autunno"]
[Site "Roma ITA"]
[Date "2006.10.21"]
[Round "3"]
[White "Maddaloni, Giovanni"]
[Black "Vanzan, Alessandro"]
[Result "0-1"]
[WhiteElo "1843"]
[BlackElo "1816"]
[PlyCount "60"]
[EventDate "2006.10.20"]

1.e4 c5 2.Nf3 d6 3.Bb5+ Nc6 4.O-O Bd7 5.Re1 Qc7 6.Nc3 Nf6 7.d4 cxd4 8.Nxd4
a6 9.Bf1 g6 10.Nb3 Bg7 11.h3 O-O 12.Be3 b5 13.a3 Ne5 14.f3 Nc4 15.Bxc4 
bxc4 16.Nd4 Rab8 17.Rb1 Rb7 18.Qd2 Rfb8 19.Nd1 Ba4 20.Nc3 Bd7 21.Nd1 Be8 
22.c3 Nd7 23.Nf2 Nc5 24.Red1 Na4 25.Ng4 Rxb2 26.Rxb2 Rxb2 27.Qc1 Qa5 28.
Bd2 Qc5 29.Bh6 Bh8 30.Qf4 Nxc3 0-1

[Event "Weekend Accademia A Autunno"]
[Site "Roma ITA"]
[Date "2006.10.21"]
[Round "3"]
[White "Maggi, Fabrizio"]
[Black "Spano' Cuomo, Gaetano"]
[Result "0-1"]
[WhiteElo "1843"]
[BlackElo "1826"]
[PlyCount "44"]
[EventDate "2006.10.20"]

1.c4 f5 2.d4 e6 3.Nc3 Nf6 4.Nf3 c6 5.Bf4 d5 6.e3 Bd6 7.Bxd6 Qxd6 8.Bd3 
Nbd7 9.O-O Qb4 10.Rb1 dxc4 11.a3 Qe7 12.Bxc4 Nd5 13.Nxd5 exd5 14.Bd3 O-O 
15.Qc2 Nb6 16.b4 Be6 17.a4 Nc4 18.Bxc4 dxc4 19.Ne5 f4 20.e4 f3 21.Nxc4 Bh3
22.Ne3 Bxg2 0-1

[Event "Weekend Accademia A Autunno"]
[Site "Roma ITA"]
[Date "2006.10.21"]
[Round "3"]
[White "Maggi, Luigi"]
[Black "Vannelli, Vittorio"]
[Result "1/2-1/2"]
[WhiteElo "1807"]
[BlackElo "1927"]
[PlyCount "33"]
[EventDate "2006.10.20"]

1.c4 Nf6 2.Nc3 e5 3.Nf3 d6 4.d4 Nbd7 5.e4 c6 6.Be2 Be7 7.O-O O-O 8.Re1 Qb6
9.Rb1 Rd8 10.h3 Nf8 11.Bf1 exd4 12.Nxd4 Ne6 13.Nf5 Bf8 14.Be3 Qc7 15.b4 a5
16.a3 axb4 17.axb4 1/2-1/2

[Event "Weekend Accademia A Autunno"]
[Site "Roma ITA"]
[Date "2006.10.21"]
[Round "3"]
[White "Marzio, Mario"]
[Black "Nicolai, Antonio"]
[Result "1-0"]
[WhiteElo "1445"]
[BlackElo "1748"]
[PlyCount "44"]
[EventDate "2006.10.20"]

1.e4 e6 2.d4 a6 3.Nd2 b5 4.g3 Bb7 5.Bg2 d6 6.Ngf3 c5 7.O-O Nd7 8.Re1 Qc7 
9.e5 dxe5 10.dxe5 Ne7 11.Nb3 Ng6 12.Bf4 Be7 13.Qd2 O-O 14.Rad1 Rad8 15.Qa5
Qc8 16.Rd2 Nxf4 17.gxf4 Nb8 18.Red1 Bxf3 19.Bxf3 Rxd2 20.Rxd2 Rd8 21.Bb7 
Qxb7 22.Rxd8+ Bf8 1-0

[Event "Weekend Accademia A Autunno"]
[Site "Roma ITA"]
[Date "2006.10.21"]
[Round "3"]
[White "Quimi, Marco"]
[Black "De Blasio, Alessandro"]
[Result "1-0"]
[WhiteElo "2270"]
[BlackElo "2067"]
[PlyCount "97"]
[EventDate "2006.10.20"]

1.d4 d5 2.Nf3 Nf6 3.Bf4 c5 4.e3 Qb6 5.Qc1 Nc6 6.c3 cxd4 7.exd4 Bf5 8.Nbd2 
e6 9.Be2 Rc8 10.O-O Be7 11.Rd1 O-O 12.Nf1 Ne4 13.Ng3 Bg4 14.h3 Nxg3 15.
Bxg3 Bh5 16.Qd2 Bf6 17.Re1 Qa5 18.Bf4 Bxf3 19.Bxf3 b5 20.a3 Qb6 21.Rad1 a5
22.Be2 b4 23.Bd3 bxc3 24.bxc3 Qb3 25.Bd6 Be7 26.Rb1 Qxb1 27.Rxb1 Bxd6 28.
a4 Rb8 29.Rb5 Rfc8 30.g3 g6 31.h4 Bc7 32.h5 Na7 33.Rxb8 Rxb8 34.hxg6 hxg6 
35.c4 dxc4 36.Bxc4 Nc6 37.Bxe6 fxe6 38.Qc2 Rb6 39.Qxg6+ Kf8 40.Qxe6 Ne7 
41.Qd7 Rb1+ 42.Kg2 Bb6 43.d5 Rb2 44.d6 Rxf2+ 45.Kh3 Rf7 46.dxe7+ Rxe7 47.
Qc8+ Kg7 48.Qc3+ Kf8 49.Qf6+ 1-0